000 00915nam a2200313 a 4500
001 000114356
003 CHAP
005 20220329144437.0
008 180115s1980 mx |r| ||||f|spa d
010 _a110817
011 _a111789
020 _a9681603818
040 _cCHAP
082 0 4 _a082
_bH47
100 1 _aHellman, Lillian,
_d1905
_9134319
245 1 0 _aTiempos de canallas /
_cpor Lillian Hellman.
260 _aMéxico, D.F. :
_bFondo de Cultura Económica,
_c1980.
300 _a166 p.
490 _aColección popular
_v191
534 _pScoundrel time
590 _aBATCH-UPD
_b05
_c20180115
_lUCH01
_h1401
590 _aE5765TAJ
_b05
_c20180115
_lUCH01
_h1400
600 1 0 _aHellman, Lillian,
_x1905
_vBiografía.
_9134320
650 1 4 _aDramaturgos norteamericanos
_ySiglo XX
_vBiografía.
_9134321
830 0 _aColección popular
_v191
_924953
901 _aBK
942 _cLIBRO
942 _n0
999 _c110817
_d110817